000 00637cam a2200229 4500
008 090401t1997 xxu||||| |||| 00| 0 eng d
020 _a1857284631
035 _a(Sirsi) u90714
041 _aeng
050 _a333.72
100 _aWilson, Geoff A.
245 _aEnvironmental management : new directions for the twenty-first century.
260 _aLondon
_bUCL Press Ltd.
_c1997
300 _axiv,202p. ; 24cm.
350 _a15.95
650 _aEnvironment
_96238
650 _aENVIRONMENTAL MANAGEMENT
690 _aENVIRONMENTAL AND LAND CONSULTANCY
700 _aBryant, Raymond L.
942 _n0
948 _c14/01/1999
999 _c97578
_d97578